Psychological Disorders. - Statistics

General Stats
  • This quiz has been taken 865 times
  • The average score is 7 of 15
Answer Stats
Hint Answer % Correct
Manic highs and lows Bi-Polar
91%
Sad, worthless feeling Depression
90%
Delusions and Hallucinations Schizophrenia
84%
Many Veterans have this, "Shell Shock" Post Traumatic Stress Disorder
71%
Must keep things perfect Obsessive Compulsive Disorder
67%
Binge and purge Bulimia
64%
Many panic attacks Panic Disorder
42%
G.A.D Generalized Anxiety Disorder
39%
Many serial killers have it, a type of personality disorder Antisocial Personality Disorder
33%
A person who overreacts to a diagnosis Hypochondriac
29%
Type of Schizophrenia, afraid of many things Paranoid Schizophrenia
24%
Type of Schizophrenia, statue like Catatonic Schizophrenia
19%
A feeling of intense and sudden fear Panic Attack
19%
Afraid of social interactions Social Phobia
17%
Longing to look perfect Body Dysmorphic Disorder
9%
No matching quizzes found
Score Distribution
Percent of People with Each Score
Percentile by Number Answered
Your Score History
You have not taken this quiz